| 000 | 00409nam a2200181Ia 4500 | ||
|---|---|---|---|
| 005 | 20251020182552.0 | ||
| 008 | 200515s9999 xx 000 0 und d | ||
| 082 | _aR/62(038)/R71/2/1996 | ||
| 100 | _aROBB, Louis | ||
| 245 | 0 | _aDiccionario para Ingenieros | |
| 260 | _aMéxico D.F. | ||
| 260 | _c1996 | ||
| 300 | _a664 | ||
| 650 | _aDICCIONARIO | ||
| 650 | _aINGENIERIA | ||
| 650 | _aLIB | ||
| 942 | _cLIB | ||
| 999 |
_c2758 _d2758 |
||